Análisis de estados financieros

Enregistré dans:
Détails bibliographiques
Auteur principal: Urías Valiente, Jesús (Auteur)
Format: Livre
Langue:espagnol
Publié: Madrid McGraw-Hill 1995
Édition:2a. ed
Sujets:
Tags: Ajouter un tag
Pas de tags, Soyez le premier à ajouter un tag!

MARC

LEADER 00000nam a2200000 a 4500
001 UCU2992
003 CL-VaPUC
008 960502e19950000SP |||||||||||||||||spa|d
082 0 4 |a 657.3  |b URI  |2 21 
100 0 |a Urías Valiente, Jesús  |e author  |9 359636 
245 1 0 |a Análisis de estados financieros 
250 |a 2a. ed 
300 |a 531 p 
942 |c BK 
945 |d 19960502 00:00:00  |a rbrito 
260 |a Madrid  |b McGraw-Hill  |c 1995 
650 0 |a Administración financiera  |9 261146 
650 7 |a POLITICA FINANCIERA  |2 CL-VaPUC  |9 356280 
650 0 |a Condiciones económicas  |9 258255 
650 0 |a Contabilidad   |9 261430 
650 0 |a Contabilidad de costos   |9 260564 
650 0 |a Análisis económico  |9 259939 
583 |a last modification  |c 20170426 04:56:18  |k Rodrigo Vera 
999 |c 247140  |d 247138 
952 |0 0  |1 0  |4 0  |6 657_300000000000000_URI_1995  |7 0  |8 A  |9 262769  |a BIBENE  |b BIBENE  |d 2019-11-19  |i 3196496  |o 657.3 URI 1995  |p 3196496  |r 2025-01-15  |w 2019-11-19  |y BK  |k ICO